000 06620cam a22018494i 4500
003 PE-LiUPU
005 20250813165946.0
008 150706s2007 ck a r 000 0 spa d
020 _a9789583027123
035 _a(Sirsi) i9789583027123
040 _aPE-LiUPU
_bspa
_cPE-LiUPU
_erda
049 _aPRUA
082 0 4 _a658.1
_bL75
_221
100 1 _aLochard, Jean,
_eautor.
245 1 0 _aEvalúe su empresa :
_bmás de 50 ratios claves /
_cJean Lochard ; [traductor Jaime Valencia Villa].
264 1 _aBogotá :
_bPanamericana Editorial : 3R editores,
_c2007.
300 _a254 páginas :
_bilustraciones ;
_c22 centímetros
336 _atext
_2rdacontent
337 _aunmediated
_2rdamedia
338 _avolume
_2rdacarrier
505 0 _aInformación indispensable para utilizar eficazmente los ratios en la gestión empresarial -- ¿Qué es un ratio? -- ¿Para qué sirven los ratios? -- ¿Cuál es la contribución de los ratios a los tableros de control? -- Si no se evitan ciertas trampas, los ratios y tableros de control de nada sirven -- ¿Cúales son los límites de los ratios? -- ¿Cómo se pueden clasificar los ratios? -- ¿Cuáles ratios utilizar para un diagnóstico global de la empresa? -- Los ratios de rentabilidad y de productividad demuestran la salud y la vitalidad de la empresa -- Rentabilidad y productividad son realmente independientes -- Cómo analizar la estructura financiera de la empresa -- Los ratios de exploración permiten medir la actividad y su evolución -- Los ratios de gestión sirven para dirigir la empresa -- Una buena gestión fiscal es imperativa -- El método de los puntos tiene sobre todo un interés teórico -- ¿Cúales ratios utilizar a nivel de las funciones, centros y unidades de gestión? -- La gestión presupuestal se apoya en la responsabilidad y en información coherente -- Los ratios de producción son numerosos y específicos para las empresas de producción -- La calidad debe ser controlada permanentemente -- Las provisiones y los inventarios deben ser vigilados constantemente por los servicios de compras y los responsables de los almacenes -- Los ratios de la actividad comercial son a veces difíciles de establecer y de interpretar -- Los ratios de gestión de los recursos humanos son difíciles de establecer y pueden desencadenar pasiones -- ¿Cuáles ratios se utilizan en la víspera económica? -- Los ratios de enconomía general miden la salud económica de una nación e interesan a su evolución -- Concentrarse en algunos de los innumerables ratios de coyuntura -- Comentarios sobre los ratios esenciales -- ¿Cuáles ratios específicos utilizar en función de su oficio y de su sector? -- Los ratios son a menudo parecidos pero las palabras y conceptos cambian el grado de lenguaje específico de cada profesión -- Los ratios del sector bancario -- Los ratios del sector de la venta a distancia -- Los ratios del sector automotor -- Los ratios del comercio al detal -- Los ratios aplicables a las asociaciones -- Los ratios aplicables a las administraciones -- Los ratios aplicables al sector de la salud -- Los ratios del BTP -- Los ratios de los transportes -- Los ratios aplicables a la agricultura -- Los ratios de la gran distribución.
526 _aP203
526 _aP200
526 _aSEG65
526 _aSEG64
526 _aSEG63
526 _aSEG62
526 _aSEG61
526 _aSEG60
526 _aSEG59
526 _aSEG58
526 _aSEG57
526 _aSEG56
526 _aSEG55
526 _aSEG54
526 _aSEG53
526 _aSEG52
526 _aSEG51
526 _aSEG50
526 _aSEG49
526 _aSEG48
526 _aSEG47
526 _aSEG46
526 _aSEG24
526 _aSEG23
526 _aSEG22
526 _aSEG21
526 _aSEG20
526 _aSEG19
526 _aSEG18
526 _aSEG17
526 _aSEG16
526 _aSEG14
526 _aSEG13
526 _aSEG12
526 _aSEG11
526 _aSEG10
526 _aSEG09
526 _aSEG06
526 _aSEG05
526 _aSEG04
526 _aSEG03
526 _aSEG02
526 _aSEG68
526 _aSEG66
526 _aSEG45
526 _aSEG25
526 _aSEG01
526 _aP163
526 _aP162
526 _aP161
526 _aP160
526 _aP159
526 _aP158
526 _aP157
526 _aP156
526 _aP155
526 _aP154
526 _aP153
526 _aP152
526 _aP151
526 _aP150
526 _aP149
526 _aP142
526 _aP141
526 _aP140
526 _aP139
526 _aP138
526 _aP137
526 _aP132
526 _aP131
526 _aP130
526 _aP126
526 _aP125
526 _aP124
526 _aP123
526 _aP115
526 _aP122
526 _aP121
526 _aP116
526 _a P114
526 _aP112
526 _aP111
526 _aP104
526 _aP103
526 _aP102
526 _aP101
526 _aP100
526 _aP96
526 _aP95
526 _aP93
526 _aP92
526 _aP91
526 _aP88
526 _aP83
526 _aP82
526 _aP79
526 _aP78
526 _aP75
526 _aP74
526 _aP71
526 _aP69
526 _a P51
526 _aP49
526 _aP48
526 _aP47
526 _aP33
526 _aP31
526 _a P30
526 _aP29
526 _aP27
526 _aP26
526 _aP25
526 _aP24
526 _a P22
526 _aP10
526 _aP09
526 _a P08
526 _aP06
526 _aP05
526 _aP04
526 _aP01
541 _g002-014792;
650 0 4 _aAdministración de empresas.
650 0 4 _aGestión de empresas.
650 0 4 _aAdministración financiera.
_93709
650 0 4 _aEmpresas
_xEvaluación.
650 0 4 _aEmpresas
_xEvaluación
_vEstudio de casos.
650 0 4 _aRatios
_xMetodología.
700 1 _aValencia Villa, Jaime,
_d1951- ,
_etr.
910 _agl
_cjck
_d20131029
942 _2ddc
_cBOOK
949 _a658.1 L75
_wDEWEY
_c1
_i68819
_lCCODEBUL1
_mBUL
_p15.00
_r0
_sY
_tBOOK
_u2015-7-6
_xFCE
_PP04
_o.STAFF. Colección General
994 _aC0
_bPEPRU
596 _a1
999 _a658.1 L75
_wDEWEY
_c56036
_i68819
_d56036
_f2021-11-8
_g5
_lCCODEBUL1
_mBUL
_p15.00
_q4
_r0
_sY
_tBOOK
_u2015-7-6
_xFCE
_PP04
_0COMPRA
_o.STAFF. Colección General
980 _81
_gALBERTO SANCHEZ Responsable de Automatización